N'oubliez pas les paroles - Chansons françaises avant 1990 - Statistiques

Statistiques générales
  • Ce quiz a été pris 145 fois
  • Le résultat moyen est 5 sur 10
Statistiques - réponses
Chanson Année Paroles Mots manquants % Correct
Alain Souchon - J'ai dix ans 1974 Ça fait bientôt quinze ans que j'ai dix ans
Ça paraît bizarre mais
Si tu m'crois pas, hé
Tar' ta gueule ___ __ ____
à la récré
100%
Claude Dubois - Le blues du businessman 1979 J'aurais voulu être un artiste
Pour pouvoir faire mon numéro
Quand l'avion se pose sur la piste
À Rotterdam ou _ ___
à Rio
100%
Jean Schulteis - Confidence pour confidence 1981 Je me fous, fous de vous
Vous m'aimez, mais pas moi
Moi, je vous... voulais mais
Confidence pour confidence
C'est moi que j'aime _ ____ ____
à travers vous
100%
Claude François - Le lundi au soleil 1972 Le lundi au soleil
C'est une chose qu'on n'aura jamais
Chaque fois _'___ _____
c'est pareil
100%
Claude François - Cette année-là 1976 Cette année-là
Je chantais pour la première fois
Le public ne me ______ ___
connaissait pas
100%
Indochine - L'Aventurier 1983 Et soudain surgit face au vent
Le vrai héros de tous les temps
Bob Morane _____ ____ _____
contre tout chacal
100%
Jeanne Mas - En rouge et noir 1986 En rouge et noir, j'exilerai ma peur J'irai plus haut que ces montagnes __ ______ de douleur
100%
Francis Cabrel - Je l'aime à mourir 1979 Elle a gommé les chiffres des horloges du quartier
Elle a fait de ma vie des cocottes en papier
Des _____ __ ____
éclats de rire
100%
Marc Lavoine - Elle a les yeux revolver 1985 Elle se dessine sous des jupes fendues Et je devine des _______ _______ histoires défendues
100%
Julien Clerc - Melissa 1984 Mélissa métisse d'Ibiza vit toujours dévêtue Dites jamais que je vous ai dit ça ou _____ __ ___ Mélissa me tue
100%
Cookie Dingler - Femme libérée 1984 Ne la laisse pas tomber
Elle est si fragile
Être une femme libérée, tu sais, c'est ___ __ _____
pas si facile
100%
Au Bonheur des Dames - Oh les filles 1973 Oh, les filles, oh, les filles Elles me ______ ______ rendent marteau
100%
Michel Delpech - Pour un flirt 1971 Pour un flirt avec toi
Je ferais n'importe quoi
Pour un flirt avec toi
Je serais prêt à tout
Pour un simple ______-_____
rendez-vous
100%
Hugues Aufray - Santiano 1961 Si Dieu veut toujours droit devant Nous irons jusqu'à ___ _______ San Francisco
100%
Serge Lama - Je suis malade 1973 Je suis malade, complètement malade Comme quand ma mère ______ __ _____ sortait le soir
100%
Mylène Farmer - Sans contrefaçon 1987 Puisqu'il faut choisir
À mots doux, je peux le dire
Sans contrefaçon, je _____ __ ______
suis un garçon
100%
Annie Cordy - Tata Yoyo 1980 Tata Yoyo qu'est-ce qu'y a sous ton grand chapeau Tata Yoyo, dans ma tête y a des ___ _'_____ tas d'oiseaux
100%
Mylène Farmer - Libertine 1986 Je, je suis si fragile Qu'on me ______ __ _____ tienne la main
100%
Edith Piaf - La vie en Rose 1946 Quand il me prend dans ses bras
Il me parle tout bas
Je vois la vie en rose
Il me dit des ___ ______
mots d'amour
92%
Michel Sardou - La maladie d'amour 1973 Elle court, elle court
La maladie d'amour
Dans le cœur des enfants
De sept à ______-___-____ ____
soixante-dix-sept ans
86%
Edith Piaf - Non, je ne regrette rien 1960 Ni le bien qu'on m'a fait
Ni le mal
Tout ça m'est ____ ____
bien égal
83%
Herbert Leonard - Pour le plaisir 1981 Pour le plaisir
Ne plus courir, ne plus compter
Prendre la vie __ ____ ____
du bon côté
83%
Image - Les démons de minuit 1986 Je cherche un peu de chaleur À mettre dans ___ _____ mon cœur
83%
France Gall - Il jouait du piano debout 1980 Et pour quelles raisons étranges
Les gens qui n'sont pas comme nous
Ça ____ _____
nous dérange
83%
Dalida - Monday Tuesday... Laissez-moi danser 1979 Laissez-moi danser laissez-moi Laissez-moi danser chanter en liberté ___ _'__ tout l'été
83%
Claude François - Alexandrie Alexandra 1977 Voiles sur les filles, barques sur le Nil Je suis dans ta vie, je suis ___ __ ____ dans tes bras
80%
Daniel Balavoine - Le Chanteur 1978 Je m'présente, je m'appelle Henri
J'voudrais bien réussir ma vie
Être aimé, être beau gagner de l'argent
Puis surtout ___ _______
être intelligent
80%
Début de soirée - Nuit de Folie 1989 Y a pas de saison pour que vive la musique Au fond pas de saisons pour que ____ __ ___ vive le son
80%
Véronique Sanson - Chanson sur ma drôle de vie 1972 Si je sais que tu mènes la vie que tu aimes au fond de moi Me donne tous ses emblèmes, me touche quand même du bout __ ____ _____ de ses doigts
78%
Daniel Balavoine - Vivre ou survivre 1982 Court bien trop court
Notre amour
Et les appels __ ______
au secours
75%
Daniel Balavoine - L'Aziza 1985 Petite rue de casbah
Au milieu de casa
Petite brune enroulée d'un drap
Court _____ __ _____
autour de moi
75%
Renaud - Mistral Gagnant 1985 Et entendre ton rire
Comme on entend la mer
S'arrêter et r'partir __ _______
en arrière
75%
Hervé Cristiani - Il est libre Max 1981 Il met de le magie
Mine de rien dans tout ce qu'il fait
Il a le sourire facile
Même pour ___ _____
les imbéciles
75%
Nino Ferrer - Le Sud 1975 Y a plein d'enfants qui se roulent sur la pelouse
Y a plein de chiens
Y a même un chat, une tortue, des poissons rouges
Il __ _______ ____
ne manque rien
75%
Alain Souchon - Allo Maman Bôbo 1977 Allô maman, bobo Maman, comment tu m'as fait? J'suis ___ _____ pas beau
75%
Stéphanie - Ouragan 1986 Comme un ouragan qui est passé sur moi, l'amour a tout emporté Dévasté nos vies, des lames en furie qu'on ne _____ ____ ______ peut plus arrêter
75%
François Feldman & Jonièce Jamison - Joue pas 1989 Mais joue pas, pas avec moi Car l'amour ça ______ ___ plaisante pas
75%
Johnny Hallyday - Noir c'est noir 1966 Noir c'est noir Il n'y a ____ _'____ plus d'espoir
75%
Michel Fugain - La belle Histoire 1972 Ils se sont trouvés au bord du chemin
Sur l'autoroute des vacances
C'était sans doute un jour de chance
Ils avaient le ciel à _____ __ ____
portée de main
75%
Peter et Sloane - Besoin de rien, envie de toi 1985 Tu vois le jour, c'est à l'amour __'__ ______ qu'il ressemble
75%
Michel Sardou - Je vais t'aimer 1976 Je vais t’aimer comme on ne t’a jamais aimée Je vais t’aimer plus loin que tes ____ ___ ___ rêves ont imaginé
75%
Brigitte Bardot - Harley Davidson 1968 J'appuie sur le starter
Et voici que je quitte la Terre
J'irai peut-être au paradis mais dans un ____ _'____
train d'enfer
75%
Partenaire particulier - partenaire particulier 1985 Je suis un être à la recherche, non pas de la vérité Mais simplement d'une aventure qui sorte un peu __ __ _______ de la banalité
71%
Georges Brassens - Les copains d'abord 1964 Il naviguait en père peinard Sur la grand-mare ___ ______ des canards
71%
Thierry Hazard - Le Jerk 1989 Pour aller danser le jerk
Sur de la musique pop
Sous les éclairs ___ _________
des stroboscopes
71%
Gold - Un peu plus près des étoiles 1986 Un peu plus près des étoiles Au jardin de lumière __ _'____ et d'argent
71%
Jean Jacques Goldman - Il suffira d'un signe 1981 Il suffira d'un signe, un matin Un matin tout _______ __ ______ tranquille et serein
71%
Joe Dassin - Siffler sur la colline 1968 Elle m'a dit d'aller siffler là-haut sur la colline De l'attendre avec un petit ____ ______ bouquet d'églantines
67%
Sheila - Les rois mages 1971 Comme les Rois Mages en Galilée Suivaient des yeux l´_____ __ _______ étoile du Berger
67%
Pierre Bachelet - Les Corons 1982 Nos fenêtres donnaient sur des fenêtres semblables Et la pluie _______ ___ _______ mouillait mon cartable
67%
Laurent Voulzy - Rockollection 1977 On a tous dans l'cœur une petite fille oubliée Une jupe plissée queue d'cheval à la _____ __ _____ sortie du lycée
67%
Les rita mitsouko - Marcia Baila 1984 Mais c'est la mort
Qui t'a assassinée Marcia
C'est la mort
Tu t'es consumée Marcia
C'est le cancer
Que tu as pris _____ __ ____
sous ton bras
67%
Serge Gainsbourg - La Javanaise 1963 Ne vous déplaise
En dansant la Javanaise
Nous nous aimions
Le temps d'___ _______
une chanson
64%
La Roche Valmont - Ta le look coco 1984 T'as le look coco
Coco t'as le look
Pas de doute coco
T'as le look qui te ____ _ __ ____
colle à la peau
63%
Il était une fois - J'ai encore rêver d'elle 1975 Si je pouvais me réveiller à ses côtés Si je savais où __ ______ la trouver
63%
Francis Cabrel - Petite Marie 1977 Petite furie, je me bats pour toi
Pour que dans dix mille ans de ça
On se retrouve à l'abri, sous un ciel aussi joli
Que des _____ __ ____
milliers de roses
63%
Julie Piétri - Eve lève toi 1986 Ève lève-toi et danse avec la vie
L'écho de ta voix est venu jusqu'à moi
Ève lève-toi tes enfants ont grandi
En donnant la vie, je ____ _____ ___
serai comme toi
63%
Dalida - Bambino 1956 Les yeux battus, la mine triste et les joues blêmes Tu ne dors plus, tu n’es que l’ombre __ __-___ de toi-même
62%
Eddy Mitchell - Couleur menthe à l'eau 1980 Elle rêvait qu'elle posait
Juste pour un bout d'essai
À la ______ ___
Century Fox
60%
Charles Aznavour - J'me voyais déjà 1960 À 18 ans, j'ai quitté ma province
Bien décidé à empoigner la vie
Le cœur léger et le bagage mince
J'étais certain de _____ ____
conquérir Paris
60%
Michel Delpech - Le loir et cher 1979 Ma famille habite dans le Loir et Cher Ces gens-là ne font ___ __ _______ pas de manières
60%
Renaud - Manu 1981 J'croyais qu'un mec en cuir
Ça pouvait pas chialer
J'pensais même que souffrir
Ça pouvait ___ _'______
pas t'arriver
60%
Jean-Pierre Mader - Macumba 1985 Au Macumba, Macumba
Elle danse tous les soirs
Pour les dockers du port
Qui ne _______ ___'_ _______
pensent qu'à boire
60%
Eddy Mitchell - Pas de Boogie Woogie 1974 "Mes biens chers frères, mes biens chères sœurs
Reprenez avec moi tous en chœur :
Pas de boogie-woogie avant de faire vos _____ __ ____
prières du soir
60%
Joe Dassin - l'Ete indien 1975 On ira où tu voudras, quand tu voudras Et l'on s'aimera encore, lorsque l'amour ___ _____ sera mort
60%
Lucienne Deyle - Mon amant de Saint Jean 1942 Moi qui l'aimais tant
Je le trouvais le plus beau de Saint-Jean
Je restais grisée
Sans volonté
______ ___ _____
Sous ses baisers
60%
Michel Polnareff - La poupée qui fait non 1966 Mais c'est une poupée qui fait non...non...non...non...
Toute la journée elle fait non...non...non...non...
Personne ne lui a jamais appris, Que l'on peut ___ ___
dire oui
57%
Jacques Brel - Amsterdam 1964 Mais dans le port d'Amsterdam
Y a des marins qui naissent
Dans la chaleur épaisse
Des ____ ______
langueurs océanes
57%
Charles Aznavour - La Bohème 1965 C'est là qu'on s'est connu
Moi qui criais famine
Et toi qui ___ ____
posais nue
57%
Francis Cabrel - Encore et encore 1985 D'abord vos corps qui se séparent
T'es seule dans la lumière des phares
T'entends à chaque fois qu'tu respires
Comme un bout de tissu ___ __ ______
qui se déchire
57%
Maxime Le Forestier - San Francisco 1973 C'est une maison bleue
Adossée à la colline
On y vient à pied
On ne frappe pas
Ceux qui vivent là
Ont ___ __ ___
jeté la clé
56%
Lio - Le banana split 1980 C'est le dessert que sert l'abominable homme des neiges À l'abominable enfant teenage est un _____ __ ______ amour de dessert
50%
Michel Sardou - La java de Broadway 1977 Quand on fait la java
Le sam’di à Broadway
Ça swingue ______ _ ______
comme à Meudon
50%
Annie Cordy - La bonne du curée 1974 C'est point commode d'être à la mode, quand on est bonn' du curé C'est pas facile d'avoir du style quand on est un' fille _____ _____ comme moué
50%
Johnny Hallyday - Gabrielle 1976 Oh fini... fini pour moi Je ne veux plus voir mon image ____ ____ __ dans tes yeux
50%
Desirless - Voyage voyage 1986 De nuages en marécages De vent d'Espagne en pluie _'_______ d'équateur
50%
Joe Dassin - Les Champs Elysées 1969 Tu m'as dit, "j'ai rendez-vous"
"Dans un sous-sol, avec des fous"
"Qui vivent la ____ _ _ _____
guitare à la main
50%
Michel Polnareff - Lettre à France 1978 Il était une fois
Toi et moi
N'oublie _____ __
jamais ça
50%
Bourvil - Salade de fruits 1959 Salade de fruits, jolie, jolie, jolie
Un jour ou l'autre il faudra bien
Qu'on ____ ______
nous marie
50%
Renaud - Marche à l'ombre 1980 Patchouli-Pataugas, le Guide du Routard dans la poche Hare Krishna à mort, ch'veux au henné, _____ _______ oreilles percées
50%
Bourvil - La tendresse 1963 On peut vivre sans richesses
Presque sans le sou
Des seigneurs et des princesses
Y en a ___ ______
plus beaucoup
50%
Michel Sardou - Les lacs du connemara 1981 Terre brûlée au vent
Des landes de pierres
Autour des lacs
C’est ____ __ _____
pour les vivants
50%
Christophe - Les mots bleus 1974 Je lui dirai les mots bleus
Les mots qu'on dit avec les yeux
Parler me semble ridicule
Je m'élance et ____ __ _______
puis je recule
50%
France Gall - Resiste 1981 Si tu réalises que l'amour n'est pas là
Que le soir tu te couches
Sans aucun ____ __ ___
rêve en toi
50%
Michel Berger - La groupie du pianiste 1980 Elle passe ses nuits sans dormir À gâcher ___ __ ______ son bel avenir
50%
Eddy Mitchell - Il ne rentre pas ce soir 1978 Il écrase sa cigarette puis repousse le cendrier
Se dirige vers les toilettes, la démarche mal assurée
Il revient régler ses bières, le sandwich et ___ ___
son café
50%
Claude François - Comme d'Habitude 1967 Sur toi je remonte le drap J'ai peur que __ _____ _____ tu aies froid
50%
Téléphone - Un autre monde 1984 Je rêvais d'un autre monde
Où la Terre serait ronde
Où la lune serait blonde
Et la ___ ______ _______
vie serait féconde
50%
France Gall - Si maman si 1977 Si, maman, si
Si, maman, si
Maman, si tu ______ __ ___
voyais ma vie
50%
Jean-Patrick Capdevielle - Quand t'es dans le désert 1979 Moi je traîne dans le désert depuis plus de vingt-huit jours Et déjà quelques mirages me disent de ____ ___-_____ faire demi-tour
43%
Michel Delpech - Le chasseur 1974 Les chiens pressés marchaient devant Dans ___ _______ les roseaux
43%
Rose Laurens - Africa 1983 Je suis amoureuse d'une terre sauvage Un sorcier vaudou m'a _____ __ _____ peint le visage
43%
Charles Trenet - La mer 1944 La mer
Qu'on voit danser le long des golfes clairs
A des _____ _'______
reflets d'argent
43%
Michel Sardou - Être une femme 1981 Femme des années 80
Moins Colombine qu’Arlequin
Sachant pianoter sur la gamme
Qui va du grand sourire ___ _____
aux larmes
40%
Daniel Guichard - Mon vieux 1974 Y avait qu'un dimanche par semaine
Les autres jours, c'était la graine
Qu'il allait gagner ____ __ ____
comme on peut
40%
Joe Dassin - Et si tu n'existais pas 1975 Et si tu n'existais pas
J'essaierais d'inventer l'amour
Comme un peintre qui voit sous ses doigts
Naître les ____ __ _____
couleurs du jour
40%
Gilbert Montagné - On va s'aimer 1983 On va s'aimer, à toucher le ciel Se séparer, à brûler ___ _____ nos ailes
40%
Johnny Hallyday - La musique que j'aime 1973 Toute la musique, que j'aime
Elle vient de là elle vient du blues
Les mots ne sont jamais les mêmes
Pour exprimer ce __'____ __ ____
qu'est le blues
40%
France Gall - Laisse tomber les filles 1964 Laisse tomber les filles
Laisse tomber les filles
Un jour c'est toi __'__ ______
qu'on laissera
40%
Sheila - Vous les copains, je ne vous oublierai jamais 1964 Vous les copains, je n'vous oublierai jamaisToute la vie, nous serons ______ ___ ____ toujours des amis
40%
Christophe - Aline 1965 Et j'ai crié
Crié
"Aline"
Pour qu'elle revienne
Et j'ai pleuré
Pleuré
(Oh) j'avais
___ __ _____
trop de peine
40%
Renaud - Des que le vent soufflera 1983 J'ai troqué mes santiags
Et mon cuir un peu zone
Contre une paire de docksides
Et un ____ ____ ______
vieux ciré jaune
40%
Georges Brassens - Chanson pour l'Auvergnat 1954 Elle est à toi cette chanson
Toi l'auvergnat qui sans façon
M'as donné quatre bouts de bois
Quand dans ma vie __ _____ ____
il faisait froid
38%
Edith Piaf - Mon manège à moi 1955 Tu me fais tourner la tête Mon manège à moi ____ ____ c'est toi
33%
Yves Montand - Grands boulevards 1951 J'aime flâner sur les grands boulevards
Y a tant de choses, tant de choses
Tant de _____ _ _____
choses à voir
33%
Claude François - Le téléphone pleure 1974 Le téléphone pleure quand elle ne vient pas
Quand je lui crie je t'aime
Les mots se meurent ____ _'________
dans l'écouteur
33%
Joe Dassin -Dans les yeux d'Emilie 1977 Quand les jours ressemblent aux nuits
Sans éclaircie à espérer
Qui peut croire que l'__ ____ _____
été nous reviendra
33%
Jean Pierre Mader - Disparue 1984 Des voisins t'ont vu partir
Avec deux hommes
Qui t'ont poussés sans rien dire
Dans une ____ ______
Ford Falcon
33%
Patricia Kaas - Mon mec à moi 1988 Mon mec à moi, il me parle d'aventures
Et quand elles brillent dans ses yeux
J'pourrais y passer la nuit
Il parle d'amour comme __ _____ __ _____
il parle des voitures
33%
Hervé Villard - Capri c'est fini 1965 Capri, c'est fini
Et dire que c'était la ville
De mon _____ ______
premier amour
33%
François Valery - Elle danse marie 1983 Quand ça swing, Marie elle swing
Et tous ses complexes se débinent
C'est sa musique son feeling
Sa raison God ____ ___ ______
Save The Queen
33%
Françoise Hardy - Le temps de l'amour 1962 Quand le temps va et vient
On ne pense à rien
Malgré ___ ______
ses blessures
33%
Renaud - Laisse béton 1977 J'étais tranquille j'étais peinard
Accoudé au comptoir
Le type est entré dans le bar
A commandé __ ____ ____
un café noir
33%
Jean Ferrat - La Montagne 1965 Pourtant
Que la montagne est belle
Comment peut-on s'imaginer
En voyant ___ __ ______
un vol d'hirondelles
33%
Daniel Balavoine - Je ne suis pas un héro 1980 Les coups de poing dans l'âme
Le froid de la lame qui court
Chaque jour me pousse
Un peu plus ___ __ ___
vers la fin
33%
Philippe Lavil -Il tape sur des bambous 1986 Il vit sa vie au bord de l'eau
Cocos et coquillages
Un dollar pour prendre en photo
Son plus _____ ______
beau tatouage
29%
Chagrin d'amour - Chacun fait 1982 Seul sur le lit dans mes draps bleus froissés
C'est l'insomnie, sommeil cassé
Je perds la tête et mes cigarettes
Sont toutes fumées ____ __ ______
dans le cendrier
29%
Charles Aznavour - Emmenez-moi 1967 Ils viennent du bout du monde
Apportant avec eux
Des idées vagabondes
Aux reflets __ _____ ____
de ciels bleus
29%
Ottawan - T'es O.K 1980 J'ai besoin de tendresse
J'ai tellement de problèmes
_____-_____ ___ ______
Donne-moi ton adresse
29%
Les Forbans - Chante 1982 Chante, chante, danse et mets tes baskets
Chouette, c'est sympa tu verras
Viens, surtout n'oublie pas
Vas-y ramène-toi, oui, tout le ______ ____ __
monde chez moi
29%
Bernard Menez - Jolie poupée 1984 Je tape sur un clou
J'me tape sur les doigts
J'coupe un bout d'bois
Je m'coupe un ____ __ ____
bout de doigt
25%
Plastic Bertrand - Ca plane pour moi 1977 Allez hop, un matin
Une louloute est venue chez moi
Poupée de cellophane, ______ ______
cheveux chinois
25%
Fernandel - Félicie aussi 1939 Afin d'séduire la petite chatte
Je l'emmenai dîner chez Chartier
Comme elle est fine et délicate
Elle prit un pied d'______ _____
cochon grillé
25%
Renaud - Chanson pour pierrot 1979 Vu qu't'es né qu'dans ma tête
Et qu'tu vis dans ma peau
J'ai construit ta planète
Au fond __ _____ _______
de mon cerveau
25%
Véronique Sanson - Amoureuse 1972 Une nuit je m'endors avec lui
Mais je sais qu'on nous l'interdit
Et je sens la fièvre qui me mord
Sans que j'aie l'ombre _'__ _____
d'un remord
25%
Johnny Hallyday - Requiem pour un fou 1976 Éteignez tous vos projecteurs
Et baissez ces fusils braqués
Non je ne vais pas m'_____ ___ _____
envoler sans elle
25%
Starmania - Quand on arrive en ville 1978 Le jour on est tranquilles
On passe incognitos
Le soir on change de peau
Et on ______ __ ______
frappe au hasard
25%
Jacques Brel - Quand on n'a que l'amour 1957 Quand on n'a que l'amour
A s'offrir en partage
Au jour du _____ _____
grand voyage
25%
Gold - Capitaine Abandonné 1985 Les rugissants du Pacifique
Des remous des torts en Afrique
Ont brisé les rêves magiques
Où ___ _____ ______
ils sont tombés
25%
Le Grand Orchestre du Splendid - La Salsa du Démon 1980 Je fume je bois, j'ai tous les vices
Et j'ai du poil partout sur les cuisses
Je vous déteste, __ ____ _____
je vous maudis
25%
Dario Moreno - Si tu vas à Rio 1958 Si tu vas à Rio
N'oublie pas de monter là-haut
Dans un petit village
Caché sous __ _____ ______
les fleurs sauvages
25%
Annie Cordy - Cho ka ka o 1985 Cho Ka Ka O
Cho chocolat
Si tu me donnes des noix de coco
Moi je te donne ___ _____
mes ananas
25%
Johnny Hallyday - Que je t'aime 1977 Quand ta bouche se fait douce
Quand ton corps se fait dur
Quand le ciel dans tes yeux
D'un seul coup _'___ ____ __
n'est plus pur
25%
Philippe Lavil - Elle préfère l'amour en mer 1986 Elle danse, balance
Sur le pont rouillé d'un cargo
Elle aime le vent
Et tout ce qui _____ __ ______
porte un drapeau
25%
Jean Luc Lahaye - Femme que j'aime 1983 T'es comme un soleil qui brille
Dans mes nuits
Et je prends ____ __ ____
racine en toi
25%
Line Renaud - Etoile des neiges 1949 Étoile des neiges, mon cœur amoureux S'est pris au piège, de ___ ______ ____ tes grands yeux
25%
Michel Fugain - Attention mesdames et messieurs 1982 Attention, mesdames et messieurs
Dans un instant, on va commencer
Installez-vous dans votre fauteuil ___ ______
bien gentiment
22%
Patrick Bruel - Casser la voie 1989 J'peux plus croire tout c'qui est marqué sur les murs J'peux plus voir la vie des autres _____ __ _____ même en peinture
22%
Charles Aznavour - Hier encore 1964 J’ai fait tant de projets qui sont restés en l’air
J’ai fondé tant d’espoirs qui se sont envolés
Que je reste perdu ne sachant où aller
Les yeux cherchant le ciel, mais le ____ ___ __ ____
cœur mis en terre
20%
Serge Gainsbourg - Le Poinçonneur des Lilas 1958 Paraît qu'y a pas d'sot métier Moi j'fais des trous _____ ___ _____ dans des billets
20%
Bourvil - La Tactique du Gendarme 1949 Les gens disent
"Oh, les gendarmes, quand on a besoin d'eux, ils ne sont jamais là"
Je réponds du tac au tac, car pensez, j'ai __ ______
ma tactique
20%
Charles Trenet - Douce France 1943 Mon village au clocher, aux maisons sages Où les enfants de mon âge ont ___ __ ____ partagé mon bonheur
20%
Hervé Villard - Méditerranéenne 1983 Ma vie sera la tienne, Méditerranéenne
Aux Saintes-Maries que j'aime
Y a danger ____ _'_______
pour l'étranger
20%
Eddy Mitchell - Sur la route de Memphis 1976 Je viens vers toi, tu m'attends dans ta robe blanche L'amour en province ressemble un peu à __ _______ un dimanche
20%
Claude Barzotti - Le rital 1984 À l'école quand j'étais petit
Je n'avais pas beaucoup d'amis
J'aurais voulu _'________ ______
m'appeller Dupond
18%
Jacques Brel - La Valse a Mille temps 1969 Et Paris qui bat la mesure Paris qui mesure _____ ____ notre émoi
18%
Bandolero - Paris Latino 1983 Joséphine blanche, robe rouge et noire
Danse avec le reflet du miroir
Arrivé direct from Mexico Don Diego de las Vegas _ ____ ____
Z comme Zorro
18%
Renaud - Hexagone 1975 Ils s'embrassent au mois de janvier
Car une nouvelle année commence
Mais depuis des éternités
Elle n'a pas tellement _______ __ ______
changé la France
17%
Zizi Jeanmaire - Mon truc en plume 1961 Mon truc en plumes
Rien qu'en passant
Ça _______ __ _____
fouette le sang
17%
Johnny Hallyday - Souvenirs Souvenirs 1960 Souvenirs, souvenirs
Je vous retrouve dans mon cœur
Et vous faites refleurir
Tous mes _____ __ ______
rêves de bonheur
17%
Sheila - L'école est finie 1963 Nous irons danser ce soir peut-être Ou bien chahuter _____ _____ ____ tous entre amis
17%
Sylvie Vartan - La plus belle pour aller danser 1964 Ce soir je serai la plus belle
Pour aller danser
Danser
Pour mieux évincer toutes celles
Que __ __ _____
tu as aimées
14%
Hubert Felix Thiéfiaine - La fille du coupeur de joint 1978 Elle descendait de la montagne
Sur un chariot chargé de paille
Sur un chariot ______ __ _____
chargé de foin
13%
Claude Barzotti - Madame 1982 Je suis heureux, j'ai des idées
Et peut-être à demain
Vous me _____ __ _____
prendrez la main
13%
Michel Polnareff - On ira tous au paradis 1972 Toutes les bonnes sœurs et tous les voleurs Toutes les brebis et ____ ___ _____ tous les bandits
13%
Charles Trenet - Ya d'la joie 1936 Y a de la joie bonjour, bonjour les hirondelles Y a de la joie dans le ciel par-dessus __ _____ le toit
10%
Johnny Hallyday - Le pénitencier 1964 Les portes du pénitencier
Bientôt vont se fermer
Et c'est là que je finirai ma vie
Comme d'autres ____ _'__ _____
gars l'ont finie
7%
Jacques Dutronc - Il est cinq heures, Paris séveille 1968 Je suis l'dauphin d'la place Dauphine Et la place Blanche _ _______ ____ a mauvaise mine
0%
Bernard Lavilliers - La Salsa 1980 C'est une frangine portoricaine qui vit dans le Spanish Harlem Les reins cambrés __ ___ ______ au bon endroit
0%
Vanessa Paradis - Joe le taxi 1987 Dans sa caisse, la musique à Joe résonne
C'est la rumba, le vieux rock __ _____ ____
au mambo bidon
0%
Georges Brassens - La mauvaise réputation 1952 Non les brav's gens n'aiment pas que L'on suive une ____ ____ __'___ autre route qu'eux
0%
Gérard Lenorman - La balade des gens heureux 1975 Notre vieille Terre est une étoile Où toi aussi tu ____ __ ____ brilles un peu
0%
Alain Bashung - Vertige de l'amour 1981 J'ai crevé l'oreiller
J'ai dû rêver trop fort
Ça me prend les jours fériés
Quand Gisèle ___ _____
clape dehors
0%
Barbara - l'Aigle Noir 1970 Un beau jour ou peut-être une nuit
Près d'un lac, je m'étais endormie
Quand soudain, semblant ____ __ ___
crever le ciel
0%
Thierry Pastor - Le coup de folie 1981 Quitte tes gants de boxe Steve Wonder ___ __ ___-___ dans le juke-box
0%
Claude François - Le mal aimé 1974 Mal aimé
Je suis le mal aimé
Les gens me connaissent
Tel que je veux __ _____
dans tes bras
0%
Jacques Dutronc - Les cactus 1967 Le monde entier est un cactus
Il est impossible de s'asseoir
Dans la vie, Il n'y a qu'des cactus
Moi j'm'pique __ __ _____
de le savoir
0%
La compagnie créole - Le bal masqué 1984 Pendant toute l'année
On prépare les costumes
_______, _________
Dracula Casanova
0%
Gerard Blanc - Une autre histoire 1987 On oublie tout, tous les barrages Qui nous ______ _'______ empêchaient d'exister
0%
Richard Anthony - Amoureux de ma femme 1974 Demain je brise les ponts, je prends deux billets d'avion Et je vais me l'emmener prendre des vacances __ ______ ______ en jeunes mariés
0%
France Gall - Ella elle l'a 1987 C'est comme toute l'histoire du peuple noir Qui se balance entre l'amour __ _'________ et l'désespoir
0%
France Gall - La déclaration d'amour 1974 Quand je suis seule et que je peux rêver
Je rêve que je suis dans tes bras
Je rêve que je te ____ ____ ___
fais tout bas
0%
Alain Chamfort - Le temps qui court 1973 Parce que le temps qui court, court
Change les plaisirs
Et que le manque d'amour, nous ____ ____
fait vieillir
0%
Michel Sardou - J'accuse 1976 J’accuse les hommes de salir les torrents
D’empoisonner le sable des enfants
De névroser l’âme des pauvres gens
De nécroser le _____ ___ _____
fond des océans
0%
Alain Chamfort - Manureva 1979 As-tu abordé les côtes de Jamaïca? Oh, _____ _______ héroïque Manureva
0%
Nicole Croisille - Parlez moi de lui 1973 Il voulait voyager du sud au nord Et pour qu´il soit heureux _'_____ _'_____ j´étais d´accord
0%
Niagara - L'amour à la plage 1986 Ce soir, j'irai danser le Mambo Au Royal Casino, sous les ______ _____ lambris rococo
0%
Phil Barney - Un enfant de toi 1988 C'était le mois de février
Ton ventre était bien rond
C'est vrai qu'on l'attendait
On voulait _'_______ ____
l'appeler Jason
0%
Luis Mariano - Mexico 1951 On prétend que les Norvégiennes Fille du Nord, ont __ ____ ____ le sang chaud
0%
Enrico Macias - Les filles de mon pays 1965 Dans leurs yeux brille le soleil des soirs d'été La mer y joue avec le ciel et ___ ___ ____ les fait rêver
0%
Sacha Distel - La belle vie 1964 On s'amuse à passer avec tous ses copains
Des nuits blanches
Qui se penchent
Sur ___ ______ ______
les petits matins
0%
C. Jérôme - Et tu danses avec lui 1985 Et tu danses avec lui
La tête sur son épaule
Tu fermes un peu les yeux
C'est ton plus ______ ____
mauvais rôle
0%
Jacques Brel - Ne me quitte pas 1959 Il est paraît-il
Des terres brûlées
Donnant plus de blé
Qu'un _____ _____
meilleur avril
0%
Renaud - Société tu m'auras pas 1975 Y a eu Antoine avant moi
Y a eu Dylan avant lui
Après moi qui viendra?
Après ____ _'___ __ _____
moi c'est pas fini
0%
Philippe Cataldo - Les divas du Dancing 1986 Toi qui connais si bien le cœur des femmes Tous les mots ____ ___ _______ qui les enflamment
0%
Jacques Brel - Ces gens là 1965 Qui se soule toutes les nuits
Avec du mauvais vin
Mais qu'on retrouve au matin
Dans l'église, ___ _____
qui roupille
0%
Dalida - Paroles paroles 1973 Encore des mots, toujours des mots
Les mêmes mots
Je n'sais plus comment te dire
_____ ___ ___ _____
Rien que des mots
0%
Bourvil - A bicyclette 1946 Est-ce que vous êtes coureur
Moi je n'suis pas coureur
Ah c'que vous êtes menteur
Moi je ____ ______
suis balayeur
0%
Jean Ferrat - Aimer à perdre la raison 1971 Aimer à perdre la raison
Aimer à n'en savoir que dire
À n'avoir que ___ _'______
toi d'horizon
0%
Claude François - Si j'avais un marteau 1963 Je bâtirais une ferme Une grange et ___ ______ une barrière
0%
Aucun quiz correspondant
Distribution des résultats
% des personnes avec chaque résultat
Percentile par nombre de réponses
Votre historique - résultats
Vous n’avez pas pris ce quiz